| Tag |
First Indicator |
Second Indicator |
Subfields |
| LEADER |
00000cam a2200000 a 4500 |
| 001 |
in00000018971 |
| 005 |
20151007054124.0 |
| 008 |
880413s1988 enkb b 00110 eng d |
| 010 |
|
|
|a gb 87054106
|
| 015 |
|
|
|a GB87-54106
|
| 020 |
|
|
|a 185109041X :
|c £39.75
|
| 035 |
|
|
|a (OCoLC)17261754
|
| 035 |
|
|
|9 AAB4052AM
|
| 040 |
|
|
|a UKM
|c UKM
|d TXA
|d UtOrBLW
|
| 043 |
|
|
|a e-ne---
|
| 049 |
|
|
|a TXAM
|c [A11114267]
|
| 050 |
1 |
0 |
|a Z2431
|
| 050 |
|
4 |
|a Z2431
|b .K56 1988
|
| 082 |
0 |
|
|a 016.9492
|2 19
|
| 100 |
1 |
|
|a King, Peter,
|d 1922-
|
| 245 |
1 |
4 |
|a The Netherlands /
|c Peter King and Michael Wintle, compilers.
|
| 264 |
|
1 |
|a Oxford ;
|a Santa Barbara, CA :
|b Clio,
|c [1988]
|
| 264 |
|
4 |
|c ©1988
|
| 300 |
|
|
|a xix, 308 pages :
|b 1 map ;
|c 22 cm.
|
| 336 |
|
|
|a text
|b txt
|2 rdacontent
|
| 337 |
|
|
|a unmediated
|b n
|2 rdamedia
|
| 338 |
|
|
|a volume
|b nc
|2 rdacarrier
|
| 490 |
1 |
|
|a World bibliographical series ;
|v v.88
|
| 500 |
|
|
|a Includes index.
|
| 651 |
|
0 |
|a Netherlands
|x Bibliography.
|
| 700 |
1 |
|
|a Wintle, Michael J.
|
| 830 |
|
0 |
|a World bibliographical series ;
|v v.88.
|
| 999 |
|
|
|a MARS
|
| 999 |
f |
f |
|s 465d2019-8e2a-3a39-9afb-15f2a1800baa
|i 331b7e66-790b-3baa-905e-d587e6125beb
|t 0
|
| 952 |
f |
f |
|p normal
|a Texas A&M University
|b College Station
|c Sterling C. Evans Library
|d Evans: Library Stacks
|t 0
|e Z2431 .K56 1988
|h Library of Congress classification
|i unmediated -- volume
|m A14811114267
|
| 998 |
f |
f |
|a Z2431 .K56 1988
|t 0
|l Evans: Library Stacks
|